000 00846nam a2200193 a 4500
001 BRCA_897
005 20190320203210.0
008 031105s1988----sp-a---###---#000-0#spa-d
020 _a8474834872
050 4 _aNK5205.R4
_b.V53 1988
245 1 0 _aVidrio de la granja
_bReal Fábrica de Cristales de la Granja de San Ildefonso.
260 _aEspaña
_bMinisterio de Cultura : Dirección General de Bellas Artes y Archivos
_c1988
300 _a242 p.
_bil. (algunas a color)
_c24 cm.
500 _aCatálogo de la exposición realizada en el Centro Nacional del Vidrio. La Granja de San Ildefonso (Segovia), septiembre - noviembre, 1988
610 2 4 _aReal Fábrica de Cristales de San Ildefonso
_xHistoria
_92882
650 1 4 _aFabricación del vidrio
_xHistoria
_zEspaña
_92985
650 1 4 _aVidrio ornamental
_xTécnica
_zEspaña
_92986
942 _2lcc
_cB
999 _c791
_d791